Countries: Finnish to English - Statistics

General Stats
  • This quiz has been taken 83 times
  • The average score is 18 of 20
Answer Stats
Finnish English % Correct
Japani Japan
100%
Portugali Portugal
97%
Turkki Turkey
97%
Suomi Finland
96%
Irlanti Ireland
96%
Norja Norway
96%
Makedonia Macedonia
95%
Meksiko Mexico
95%
Jemen Yemen
95%
Liettua Lithuania
94%
Puola Poland
94%
Ruanda Rwanda
94%
Tansania Tanzania
92%
Mikronesia Micronesia
90%
Malesia Malaysia
88%
São Tomé ja Príncipe São Tomé and Príncipe
88%
Sambia Zambia
84%
Mosambik Mozambique
83%
Kirgisia Kyrgyzstan
75%
Malediivit Maldives
71%
No matching quizzes found
Score Distribution
Percent of People with Each Score
Percentile by Number Answered
Your Score History
You have not taken this quiz